| Tag |
First Indicator |
Second Indicator |
Subfields |
| LEADER |
00000cam a2200000 a 4500 |
| 001 |
in00000090694 |
| 005 |
20150923130910.0 |
| 008 |
800605s1980 vau 00000 eng d |
| 035 |
|
|
|a (OCoLC)06391930
|
| 035 |
|
|
|9 AAK6532AM
|
| 040 |
|
|
|a MPC
|c MPC
|d m.c.
|d TXA
|d UtOrBLW
|
| 049 |
|
|
|a TXAM
|c [1407136]
|
| 090 |
|
|
|a N8350
|b C34
|
| 092 |
|
|
|a 702.3
|b C
|
| 245 |
0 |
0 |
|a Careers in the visual arts :
|b options, training, and employment /
|c Theodore Zernich, editor.
|
| 264 |
|
1 |
|a Reston, Va. :
|b National Art Education Association,
|c [1980]
|
| 264 |
|
4 |
|c ©1980
|
| 300 |
|
|
|a 64 pages ;
|c 23 cm.
|
| 336 |
|
|
|a text
|b txt
|2 rdacontent
|
| 337 |
|
|
|a unmediated
|b n
|2 rdamedia
|
| 338 |
|
|
|a volume
|b nc
|2 rdacarrier
|
| 490 |
1 |
|
|a Monograph / National Art Education Association ;
|v no. 3
|
| 500 |
|
|
|a "A publication of the National Art Education Association Career Education Project."
|
| 650 |
|
0 |
|a Art
|x Vocational guidance.
|
| 700 |
1 |
|
|a Zernich, Theodore.
|
| 830 |
|
0 |
|a Monograph (National Art Education Association) ;
|v no. 3.
|
| 999 |
|
|
|a MARS
|
| 999 |
f |
f |
|s a9d53dfd-bb27-34b2-b181-d14e904c762f
|i afe0c7d4-8239-3678-8c93-4e19c614ed8f
|t 0
|
| 952 |
f |
f |
|p normal
|a Texas A&M University
|b College Station
|c Sterling C. Evans Library
|d Evans: Library Stacks
|t 0
|e N8350 .C34
|h Library of Congress classification
|i unmediated -- volume
|m A14817600135
|
| 998 |
f |
f |
|a N8350 .C34
|t 0
|l Evans: Library Stacks
|